000 01022nam a2200205Ia 4500
003 Ost
005 20260507075728.0
008 260507s9999||||xx |||||||||||||| ||und||
040 _cfsecg
041 _aara
082 _a346.02
100 _aالحلو، ماجد راغب
_eمؤلف
245 0 _aالعقود الادارية والتحكيم /
_c ماجد راغب الحلو
260 _aالاسكندية:
_bدار الجامعة الجديدة,
_c2003
300 _a203 صفحة؛
_c24 سم
520 _aتحديد العقد الاداري ، أنواع العقد الاداري ، تكوين العقد الاداري ، تفسير العقود وعيوب الارادة ، أثار العقد الاداري ، العقد الاداري بين ادارتين ، مشروعية العقد الاداري ، التحكيم والعقد الاداري التصالح والعقد الاداري
653 _aالعقود الادارية
653 _aالقانون الاداري
942 _cكتاب
999 _c46002
_d46002